Values of public craftsmanship: The mismatch between street-level ideals and institutional facilitation in the prison sector (Record no. 512858)

000 -LEADER
fixed length control field 01819nam a2200169 4500
008 - FIXED-LENGTH DATA ELEMENTS--GENERAL INFORMATION
fixed length control field 191223b ||||| |||| 00| 0 eng d
100 ## - MAIN ENTRY--PERSONAL NAME
Personal name Paanakker, Hester L.
245 ## - TITLE STATEMENT
Title Values of public craftsmanship: The mismatch between street-level ideals and institutional facilitation in the prison sector
260 ## - PUBLICATION, DISTRIBUTION, ETC. (IMPRINT)
Name of publisher, distributor, etc American Review of Public Administration
300 ## - PHYSICAL DESCRIPTION
Extent 49(8), Nov, 2019: p.884-896.
520 ## - SUMMARY, ETC.
Summary, etc Public craftsmanship, as the normative prescription of a myriad of public values, is receiving renewed attention. This study aims at empirical insight into how such abstract principles acquire practical meaning in specific professional settings, and how they are practically facilitated on the shop floor. We use an explorative case study among Dutch prison professionals (N = 32) to contrast perceptions of ideal values and practices with perceptions of institutional facilitation at street level. In the case of prison officers, the institutional context of the prison was found to substantially restrain rather than support the ideals that professionals attach to good street-level craftsmanship. The study’s theoretical contribution is to show craftsmanship as uniquely localizing the normative underpinnings of good work. Empirically, the findings show how an unyielding neoliberalist administrative practice can hamper the potential of public craftsmanship and is likely to have negative impact on staff commitment and successful public service delivery. We end with implications for the further examination and development of public craftsmanship in public administration theory and practice. - Reproduced.
650 ## - SUBJECT ADDED ENTRY--TOPICAL TERM
Topical term or geographic name as entry element Craftsmanship
9 (RLIN) 14824
650 ## - SUBJECT ADDED ENTRY--TOPICAL TERM
Topical term or geographic name as entry element Public administration
9 (RLIN) 14825
773 ## - HOST ITEM ENTRY
Main entry heading American Review of Public Administration
906 ## - LOCAL DATA ELEMENT F, LDF (RLIN)
Subject DIP Prisons
942 ## - ADDED ENTRY ELEMENTS (KOHA)
Source of classification or shelving scheme
Item type Articles
Holdings
Withdrawn status Lost status Source of classification or shelving scheme Damaged status Not for loan Permanent location Current location Date acquired Serial Enumeration / chronology Barcode Date last seen Koha item type
          Indian Institute of Public Administration Indian Institute of Public Administration 2019-12-23 49(8), Nov, 2019: p.884-896. AR122187 2019-12-23 Articles

Powered by Koha